01371cam a22004094i 4500003000900000005001700009008004100026020001500067020001800082035002700100040005900127082001900186100006900205245022300274264005100497300006300548336002100611337002500632338002300657504003400680526001000714526001000724526001000734526001000744526000800754526000800762526000800770526000800778526000800786526000800794526000800802650002100810700003100831700003200862700003100894700003600925PE-LiUPU20250731172850.0091015s2010 moua rb 001 0 eng  a0758616880 a9780758616883 a(Sirsi) i9780758616883 aDLCbspacDLCdITCdYDXCPdOCLCFdOCLCQdPE-LiUPUerda00a241.2bW192221 aWalther, C. F. W.q(Carl Ferdinand Wilhelm),d1811-1887,eautor.10aLaw and Gospel :bhow to read and apply the Bible /cCarl Ferdinand Wilhelm Walther ; general editor, Charles P. Schaum ; assistant editors, John P. Hellwege, Jr., Thomas E. Manteufel, translated by Christian C. Tiews. aEstados Unidos:bConcordia Pub. House,c[2010] alxxvii, 514 páginas :bilustraciones ;c24 centímetros atext2rdacontent aunmediated2rdamedia avolume2rdacarrier aÍndices: páginas 503-514. aSEG42 aSEG41 aSEG40 aSEG39 aP94 aP87 aP86 aP85 aP77 aP76 aP35 0aLey y Evangelio.1 aHellwege, John P.,eeditor1 aManteufel, Thomas.,eeditor1 aSchaum, Charles P.eeditor1 aTiews, Christian C.,etraductor